[Event "PAR-ch U20"]
[Site "Asuncion"]
[Date "2019.02.23"]
[Round "3"]
[White "Melian, Juan Sebastian"]
[Black "Carreras Colman, Luz Gabriela"]
[Result "1-0"]
[WhiteElo "1744"]
[BlackElo "1367"]
[PlyCount "45"]
[EventDate "2019.02.21"]
[EventType "swiss"]
[EventRounds "7"]
[EventCountry "PAR"]
[SourceTitle "CBM 189 Extra"]
[Source "ChessBase"]
[SourceDate "2019.06.03"]
[SourceVersion "1"]
[SourceVersionDate "2019.06.03"]
[SourceQuality "1"]

1. e4 e5 2. Nf3 d6 3. d4 exd4 4. Nxd4 Nf6 5. Nc3 g6 6. Bg5 Bg7 7. Qd2 h6 8. Bf4 Nh5 9. Be3 Nf6 10. f3 Nbd7 11. 0-0-0 Ne5 12. f4 Nc6 13. Nxc6 bxc6 14. e5 Nd5 15. Nxd5 cxd5 16. Qxd5 Be6 17. Bb5+ Ke7 18. Qc6 Qd7 19. exd6+ cxd6 20. Rxd6 Qxc6 21. Rxc6 Bd5 22. Bc5+ Ke8 23. Rd1 1-0

[Event "Olympiad Women-43"]
[Site "Batumi"]
[Date "2018.10.04"]
[Round "10.4"]
[White "Moaataz, Ayah"]
[Black "Carreras Colman, Luz Gabriela"]
[Result "1-0"]
[WhiteElo "2020"]
[BlackElo "1397"]
[PlyCount "79"]
[EventDate "2018.09.24"]
[EventType "team-swiss"]
[EventRounds "11"]
[EventCountry "GEO"]
[SourceTitle "EXT 2020"]
[Source "ChessBase"]
[SourceDate "2019.10.17"]
[SourceVersion "1"]
[SourceVersionDate "2019.10.17"]
[SourceQuality "1"]
[WhiteTeam "Egypt (W)"]
[BlackTeam "Paraguay (W)"]
[WhiteTeamCountry "EGY"]
[BlackTeamCountry "PAR"]

1. c4 e5 2. g3 Nf6 3. Bg2 d5 4. cxd5 Nxd5 5. Nf3 Nc6 6. 0-0 Nb6 7. d3 Be7 8. Nc3 0-0 9. a3 Be6 10. b4 f6 11. Bb2 Nd5 12. Ne4 a6 13. d4 exd4 14. Nxd4 Nxd4 15. Bxd4 c6 16. Nc5 Bxc5 17. Bxc5 Re8 18. e4 Ne7 19. Qc2 Qc7 20. f4 Rad8 21. a4 a5 22. Rab1 b6 23. Bf2 Rb8 24. bxa5 bxa5 25. Bc5 Rb7 26. Rxb7 Qxb7 27. Rb1 Qd7 28. Qc3 Ra8 29. Bf1 f5 30. Qa3 Ng6 31. e5 Qf7 32. Bd6 Qa7+ 33. Bc5 Qf7 34. Ba6 Bd5 35. Rb7 Qe8 36. Bd3 Qc8 37. Qb2 h6 38. e6 Qxb7 39. Qxb7 Re8 40. Bxf5 1-0

[Event "South America-ch U20 Girls"]
[Site "Asuncion"]
[Date "2018.05.21"]
[Round "3"]
[White "Lugo, Sabrina"]
[Black "Carreras Colman, Luz Gabriela"]
[Result "0-1"]
[WhiteElo "1180"]
[BlackElo "1416"]
[PlyCount "108"]
[EventDate "2018.05.20"]
[EventType "swiss"]
[EventRounds "9"]
[EventCountry "PAR"]
[SourceTitle "CBM 184 Extra"]
[Source "ChessBase"]
[SourceDate "2018.06.28"]
[SourceVersion "1"]
[SourceVersionDate "2018.06.28"]
[SourceQuality "1"]

1. d4 d5 2. Bf4 Nf6 3. e3 e6 4. Nf3 c5 5. c3 Nc6 6. Nbd2 c4 7. b3 cxb3 8. axb3 Nh5 9. Bg3 Nxg3 10. hxg3 g6 11. Be2 Bg7 12. Qc2 0-0 13. c4 e5 14. Nxe5 Nxe5 15. dxe5 Bxe5 16. Rd1 Qc7 17. f4 Bg7 18. Nf3 dxc4 19. Qxc4 Qa5+ 20. Kf2 Be6 21. Qa4 Qb6 22. Bc4 Bxc4 23. Qxc4 Rac8 24. Qa4 Rfe8 25. Rhe1 Rc2+ 26. Nd2 Rd8 27. Re2 Qc5 28. Qe4 b6 29. Nc4 Rxe2+ 30. Kxe2 Rxd1 31. Kxd1 Qh5+ 32. Kc2 b5 33. Qa8+ Bf8 34. Nd2 Qc5+ 35. Kd1 Qxe3 36. Qf3 Qd4 37. Qe4 Qc3 38. Qf3 Qa1+ 39. Ke2 Bb4 40. Qf1 Qc3 41. Qe1 Qc6 42. Qf1 Qe6+ 43. Kd1 Bxd2 44. Kxd2 Qxb3 45. Qd3 Qa2+ 46. Qc2 Qd5+ 47. Kc1 Qe6 48. Kb1 Qe1+ 49. Kb2 Qxg3 50. Qc8+ Kg7 51. Qc3+ Qxc3+ 52. Kxc3 Kf6 53. Kb4 a6 54. Ka5 Kf5 0-1

[Event "PAR-ch U18"]
[Site "Asuncion"]
[Date "2018.03.11"]
[Round "5.6"]
[White "Oviedo Acosta, Paula"]
[Black "Carreras Colman, Luz Gabriela"]
[Result "0-1"]
[WhiteElo "1223"]
[BlackElo "1434"]
[PlyCount "80"]
[EventDate "2018.03.09"]
[EventType "swiss"]
[EventRounds "7"]
[EventCountry "PAR"]
[SourceTitle "EXT 2023"]
[Source "ChessBase"]
[SourceDate "2022.10.05"]
[SourceVersion "1"]
[SourceVersionDate "2022.10.05"]
[SourceQuality "1"]

1. d4 d5 2. Bf4 Nf6 3. e3 Bf5 4. c4 c5 5. Nc3 e6 6. Nb5 Qa5+ 7. Qd2 Qxd2+ 8. Kxd2 Ne4+ 9. Ke1 Na6 10. Nf3 cxd4 11. Nfxd4 Bb4+ 12. Ke2 dxc4 13. f3 Nf6 14. a3 Bc5 15. Nd6+ Bxd6 16. Bxd6 Rd8 17. Nxf5 exf5 18. Be5 0-0 19. Bd4 b6 20. Kf2 b5 21. a4 Nc7 22. Be2 a6 23. Rhc1 f4 24. Bb6 fxe3+ 25. Bxe3 Rfe8 26. axb5 axb5 27. Bf4 Ncd5 28. Bg5 h6 29. Bd2 Ne7 30. Bb4 Nf5 31. Bc3 Nd4 32. Bxd4 Rxd4 33. Rc2 Nd5 34. Ra5 Nb4 35. Rc3 Rd2 36. Re3 Nd3+ 37. Kg3 Rxe3 38. Bxd3 cxd3 39. Rxb5 Ree2 40. Rb8+ Kh7 0-1

[Event "Asuncion Bobby Fischer U2000"]
[Site "Asuncion"]
[Date "2018.02.18"]
[Round "6.10"]
[White "Carreras Colman, Luz Gabriela"]
[Black "Gadea Moreira, Juan Domingo"]
[Result "0-1"]
[WhiteElo "1436"]
[BlackElo "1442"]
[PlyCount "104"]
[EventDate "2018.02.15"]
[EventType "swiss"]
[EventRounds "7"]
[EventCountry "PAR"]
[SourceTitle "EXT 2023"]
[Source "ChessBase"]
[SourceDate "2022.10.05"]
[SourceVersion "1"]
[SourceVersionDate "2022.10.05"]
[SourceQuality "1"]

1. d4 Nf6 2. Bf4 g6 3. Nf3 Bg7 4. e3 Nh5 5. Bg3 0-0 6. Be2 d6 7. c3 Nd7 8. Nbd2 c5 9. Qc2 b6 10. Bh4 Nhf6 11. Ne4 Bb7 12. Nfd2 cxd4 13. exd4 Rc8 14. Bf3 Nxe4 15. Bxe4 d5 16. Bf3 Bxd4 17. Qa4 Bf6 18. Bxf6 Nxf6 19. Qxa7 Qc7 20. Qa4 Qe5+ 21. Be2 Ra8 22. Qd4 Qe6 23. Qe3 Qxe3 24. fxe3 Ba6 25. Bxa6 Rxa6 26. 0-0 Rfa8 27. a3 Ra4 28. Rf4 Rxf4 29. exf4 Ra4 30. g3 Nd7 31. Re1 e6 32. Nf3 Nc5 33. Re2 Ne4 34. Nd2 Nxd2 35. Rxd2 Kf8 36. Kf2 Ke7 37. Ke3 Re4+ 38. Kf3 Kd6 39. Rd4 Rxd4 40. cxd4 f6 41. Ke3 e5 42. fxe5+ fxe5 43. dxe5+ Kxe5 44. b4 d4+ 45. Kd3 b5 46. h3 Kd5 47. g4 g5 48. Kd2 h6 49. Kc2 Kc4 50. Kd2 d3 51. Kc1 Kc3 52. Kd1 d2 0-1

[Event "PAR-ch (Women)"]
[Site "Asuncion"]
[Date "2017.10.08"]
[Round "7"]
[White "Vargas, Gabriela"]
[Black "Carreras Colman, Luz Gabriela"]
[Result "1-0"]
[WhiteElo "2110"]
[BlackElo "1380"]
[PlyCount "67"]
[EventDate "2017.10.06"]
[EventType "swiss"]
[EventRounds "7"]
[EventCountry "PAR"]
[SourceTitle "CBM 181 Extra"]
[Source "ChessBase"]
[SourceDate "2017.12.12"]
[SourceVersion "1"]
[SourceVersionDate "2017.12.12"]
[SourceQuality "1"]

1. d4 d5 2. Nf3 g6 3. c4 c6 4. cxd5 cxd5 5. Nc3 Nf6 6. Bf4 Bd7 7. Qb3 Bc6 8. Ne5 Nbd7 9. e3 a6 10. Nxc6 bxc6 11. Qb7 Qc8 12. Qxc8+ Rxc8 13. Bxa6 Rd8 14. Bb7 Nb8 15. Bxb8 Rxb8 16. Bxc6+ Kd8 17. Bxd5 Nxd5 18. Nxd5 Rxb2 19. 0-0 e6 20. Nc3 Bb4 21. Na4 Rc2 22. Rfc1 Rxc1+ 23. Rxc1 Ke7 24. Rb1 Bd6 25. g3 h5 26. Nc3 Rc8 27. Rb7+ Rc7 28. Rxc7+ Bxc7 29. Kg2 f5 30. h4 Kd6 31. Nb5+ Kc6 32. Nxc7 Kxc7 33. Kf3 Kd6 34. Kf4 1-0

[Event "PAR-ch sf"]
[Site "Asuncion"]
[Date "2017.08.13"]
[Round "4"]
[White "De la Vega, Ricardo"]
[Black "Carreras Colman, Luz Gabriela"]
[Result "1-0"]
[WhiteElo "1449"]
[BlackElo "1420"]
[PlyCount "95"]
[EventDate "2017.08.11"]
[EventType "swiss"]
[EventRounds "9"]
[EventCountry "PAR"]
[SourceTitle "CBM 180 Extra"]
[Source "ChessBase"]
[SourceDate "2017.10.06"]
[SourceVersion "1"]
[SourceVersionDate "2017.10.06"]
[SourceQuality "1"]

1. d4 Nf6 2. Bf4 d5 3. e3 Bf5 4. c4 e6 5. Qb3 b6 6. Nc3 Bd6 7. Bg5 c6 8. Nf3 Nbd7 9. cxd5 cxd5 10. Bb5 h6 11. Bh4 Be7 12. h3 0-0 13. Bg3 Ne4 14. Nxe4 Bxe4 15. Ba6 e5 16. Bb7 Rb8 17. Bxd5 Bxd5 18. Qxd5 Rc8 19. 0-0 exd4 20. Nxd4 Nf6 21. Qb7 Qd7 22. Qxd7 Nxd7 23. Rac1 Rfe8 24. Nc6 Bf6 25. Rfd1 Nc5 26. Nd4 Be5 27. Bxe5 Rxe5 28. b4 Rd8 29. bxc5 bxc5 30. Nc6 Rxd1+ 31. Rxd1 Re8 32. Rd8 Rxd8 33. Nxd8 c4 34. Nc6 c3 35. Nd4 Kf8 36. Kf1 Ke7 37. Ke2 Kd6 38. Nb5+ Kc5 39. Nxc3 a5 40. Kd3 Kb4 41. f4 f6 42. e4 g5 43. e5 fxe5 44. fxe5 Kc5 45. Ke4 Kc6 46. Kf5 Kd7 47. Kf6 Ke8 48. Nd5 1-0